[Event "MSR_ch20"]
[Site "?"]
[Date "2024.04.07"]
[Round "4.1"]
[White "Petrek, Dominik"]
[Black "Bochnicka, Vladimir"]
[Result "1-0"]
[BlackElo "2421"]
[WhiteElo "2249"]
[LiveChessVersion "1.4.8"]

1. d4 {[%clk 1:30:44]} Nf6 {[%clk 1:30:55]} 2. c4 {[%clk 1:31:09]} c5
{[%clk 1:30:55]} 3. d5 {[%clk 1:31:15]} e6 {[%clk 1:30:43]} 4. Nc3
{[%clk 1:31:31]} exd5 {[%clk 1:30:45]} 5. cxd5 {[%clk 1:31:54]} d6
{[%clk 1:31:08]} 6. e4 {[%clk 1:31:35]} g6 {[%clk 1:31:01]} 7. h3
{[%clk 1:31:30]} Bg7 {[%clk 1:31:10]} 8. Nf3 {[%clk 1:31:49]} O-O
{[%clk 1:31:26]} 9. Be3 {[%clk 1:32:12]} Nbd7 {[%clk 1:22:47]} 10. Bd3
{[%clk 1:19:37]} a6 {[%clk 1:22:18]} 11. a4 {[%clk 1:19:35]} Re8 {[%clk 1:21:14]}
12. Nd2 {[%clk 1:11:24]} Rb8 {[%clk 1:13:19]} 13. O-O {[%clk 1:08:34]} h6
{[%clk 1:08:04]} 14. f4 {[%clk 0:54:38]} b5 {[%clk 0:34:11]} 15. axb5
{[%clk 0:46:06]} axb5 {[%clk 0:34:36]} 16. Qf3 {[%clk 0:27:22]} c4
{[%clk 0:28:26]} 17. Bb1 {[%clk 0:23:38]} Nh7 {[%clk 0:26:13]} 18. e5
{[%clk 0:17:59]} dxe5 {[%clk 0:24:51]} 19. f5 {[%clk 0:18:21]} g5
{[%clk 0:18:58]} 20. Ra7 {[%clk 0:11:51]} Ndf6 {[%clk 0:16:21]} 21. Be4
{[%clk 0:06:57]} Bb7 {[%clk 0:08:23]} 22. d6 {[%clk 0:05:48]} Bxe4
{[%clk 0:05:08]} 23. Ncxe4 {[%clk 0:05:44]} Bf8 {[%clk 0:04:58]} 24. Bc5
{[%clk 0:04:21]} Qc8 {[%clk 0:02:43]} 25. Kh1 {[%clk 0:04:17]} Nd7
{[%clk 0:02:37]} 26. Bg1 {[%clk 0:03:40]} Nhf6 {[%clk 0:01:13]} 27. Rfa1
{[%clk 0:03:40]} Kg7 {[%clk 0:00:49]} 28. Rc7 {[%clk 0:03:56]} Qd8
{[%clk 0:01:18]} 29. Raa7 {[%clk 0:04:13]} Ra8 {[%clk 0:01:09]} 30. Nxf6
{[%clk 0:04:00]} Nxf6 {[%clk 0:00:38]} 31. Rxf7+ {[%clk 0:04:21]} Kg8
{[%clk 0:00:46]} 32. Rxa8 {[%clk 0:04:27]} Qxa8 {[%clk 0:00:39]} 33. Qxa8
{[%clk 0:04:22]} Rxa8 {[%clk 0:01:04]} 34. Rxf6 {[%clk 0:04:49]} Ra2
{[%clk 0:01:27]} 35. d7 {[%clk 0:04:03]} Be7 {[%clk 0:01:53]} 36. Re6
{[%clk 0:04:29]} Kf7 {[%clk 0:02:13]} 37. Bb6 {[%clk 0:04:29]} 1-0

[Event "MSR_ch20"]
[Site "?"]
[Date "2024.04.07"]
[Round "4.3"]
[White "Sevcik, Matej"]
[Black "Stevik, Patrik"]
[Result "0-1"]
[BlackElo "2213"]
[WhiteElo "2087"]
[LiveChessVersion "1.4.8"]

1. d4 {[%clk 1:30:53]} d5 {[%clk 1:29:38]} 2. Nf3 {[%clk 1:31:12]} c5
{[%clk 1:30:08]} 3. c4 {[%clk 1:31:14]} e6 {[%clk 1:30:25]} 4. cxd5
{[%clk 1:31:15]} exd5 {[%clk 1:30:55]} 5. g3 {[%clk 1:31:35]} Nf6
{[%clk 1:31:18]} 6. Bg2 {[%clk 1:32:01]} Nc6 {[%clk 1:31:39]} 7. O-O
{[%clk 1:32:20]} Be7 {[%clk 1:32:02]} 8. dxc5 {[%clk 1:32:27]} Bxc5
{[%clk 1:32:28]} 9. a3 {[%clk 1:32:48]} Ne4 {[%clk 1:31:48]} 10. Nfd2
{[%clk 1:33:05]} O-O {[%clk 1:31:51]} 11. Nxe4 {[%clk 1:22:50]} dxe4
{[%clk 1:32:21]} 12. Qxd8 {[%clk 1:20:47]} Rxd8 {[%clk 1:32:50]} 13. Bxe4
{[%clk 1:20:57]} Bg4 {[%clk 1:33:19]} 14. Nc3 {[%clk 1:18:06]} Bd4
{[%clk 1:33:48]} 15. Kg2 {[%clk 1:02:19]} Bxc3 {[%clk 1:32:39]} 16. bxc3
{[%clk 1:00:47]} Bxe2 {[%clk 1:33:07]} 17. Re1 {[%clk 1:00:54]} Ba6
{[%clk 1:32:31]} 18. Bxc6 {[%clk 0:55:29]} bxc6 {[%clk 1:32:54]} 19. Be3
{[%clk 0:55:47]} Bc4 {[%clk 1:30:17]} 20. Bd4 {[%clk 0:54:19]} a5
{[%clk 1:28:50]} 21. Rab1 {[%clk 0:52:20]} a4 {[%clk 1:28:15]} 22. Re7
{[%clk 0:49:49]} h5 {[%clk 1:26:18]} 23. Ra7 {[%clk 0:47:16]} Rxa7
{[%clk 1:21:35]} 24. Bxa7 {[%clk 0:47:36]} Rd3 {[%clk 1:21:41]} 25. Bd4
{[%clk 0:46:32]} f6 {[%clk 1:21:25]} 26. Re1 {[%clk 0:40:05]} Kf7
{[%clk 1:21:02]} 27. Re3 {[%clk 0:38:39]} Rd2 {[%clk 1:18:20]} 28. Re1
{[%clk 0:37:42]} g5 {[%clk 1:18:07]} 29. Be3 {[%clk 0:31:17]} Rc2
{[%clk 1:17:57]} 30. Rc1 {[%clk 0:28:47]} Ra2 {[%clk 1:17:51]} 31. Bc5
{[%clk 0:29:07]} g4 {[%clk 1:17:41]} 32. Re1 {[%clk 0:28:28]} Kg6
{[%clk 1:17:20]} 33. Rc1 {[%clk 0:26:23]} Kf5 {[%clk 1:14:30]} 34. Re1
{[%clk 0:25:51]} Be2 {[%clk 1:12:52]} 35. Bb4 {[%clk 0:24:49]} Ke4
{[%clk 1:05:41]} 36. c4 {[%clk 0:23:40]} Kd3 {[%clk 1:06:10]} 37. Rc1
{[%clk 0:20:21]} Kd4 {[%clk 1:04:19]} 38. c5 {[%clk 0:17:31]} Bd3
{[%clk 1:04:47]} 39. Kg1 {[%clk 0:16:06]} Bc2 {[%clk 1:05:06]} 40. Kf1
{[%clk 0:12:44]} Kc4 {[%clk 1:04:47]} 41. Ke2 {[%clk 0:09:07]} Kd4
{[%clk 1:04:52]} 42. Kf1 {[%clk 0:08:43]} f5 43. Kg1 {[%clk 0:04:29]} Kd5
{[%clk 1:00:27]} 44. Kf1 {[%clk 0:02:38]} Bd3+ {[%clk 1:00:53]} 45. Kg1
{[%clk 0:02:41]} Be2 {[%clk 0:59:45]} 46. Kg2 {[%clk 0:00:58]} Ke6
{[%clk 1:00:03]} 47. Kg1 {[%clk 0:11:19]} Kd7 {[%clk 1:27:35]} 48. Kg2
{[%clk 0:11:23]} Kc8 {[%clk 1:27:37]} 49. Rb1 {[%clk 0:09:11]} Kb7
{[%clk 1:23:43]} 50. Bd2+ {[%clk 0:07:32]} Bb5 {[%clk 1:23:36]} 51. Bc1
{[%clk 0:07:33]} Rc2 {[%clk 1:20:31]} 52. Be3 {[%clk 0:07:47]} Rc3
{[%clk 1:20:44]} 53. Ra1 {[%clk 0:08:11]} Ka6 {[%clk 1:20:48]} 54. Bd4
{[%clk 0:06:11]} Rc2 {[%clk 1:20:02]} 55. Be3 {[%clk 0:05:44]} Rc3
{[%clk 1:18:26]} 56. Bd4 {[%clk 0:06:01]} Rd3 {[%clk 1:18:55]} 57. Be3
{[%clk 0:06:10]} Bc4 {[%clk 1:19:22]} 58. Rb1 {[%clk 0:05:23]} Rxa3
{[%clk 1:18:53]} 59. Rb6+ {[%clk 0:05:34]} Ka7 {[%clk 1:19:22]} 0-1

[Event "MSR_ch20"]
[Site "?"]
[Date "2024.04.07"]
[Round "4.4"]
[White "Turcan, Richard"]
[Black "Rak, Martin"]
[Result "1-0"]
[BlackElo "2221"]
[WhiteElo "2365"]
[LiveChessVersion "1.4.8"]

1. e4 {[%clk 1:30:58]} c5 {[%clk 1:29:06]} 2. Nf3 {[%clk 1:31:21]} d6
{[%clk 1:29:25]} 3. Nc3 {[%clk 1:31:34]} Nf6 {[%clk 1:27:40]} 4. e5
{[%clk 1:31:22]} dxe5 {[%clk 1:27:36]} 5. Nxe5 {[%clk 1:31:44]} e6
{[%clk 1:27:38]} 6. g3 {[%clk 1:31:50]} Nbd7 {[%clk 1:25:54]} 7. Nc4
{[%clk 1:29:27]} Nb6 {[%clk 1:24:37]} 8. b3 {[%clk 1:28:41]} Be7 {[%clk 1:17:24]}
9. Bg2 {[%clk 1:28:09]} O-O {[%clk 1:17:06]} 10. O-O {[%clk 1:24:09]} Nbd5
{[%clk 1:01:34]} 11. Bb2 {[%clk 1:18:07]} Rb8 {[%clk 0:51:58]} 12. Qe2
{[%clk 0:56:01]} Re8 {[%clk 0:42:31]} 13. Ne5 {[%clk 0:54:25]} a6
{[%clk 0:41:09]} 14. Rad1 {[%clk 0:51:09]} Qc7 {[%clk 0:40:19]} 15. Ne4
{[%clk 0:49:02]} Nxe4 {[%clk 0:32:08]} 16. Bxe4 {[%clk 0:48:12]} Bf6
{[%clk 0:30:45]} 17. c4 {[%clk 0:47:06]} Ne7 {[%clk 0:30:12]} 18. Bxh7+
{[%clk 0:46:15]} Kf8 {[%clk 0:28:08]} 19. Bc2 {[%clk 0:39:27]} b6
{[%clk 0:26:37]} 20. Rfe1 {[%clk 0:38:50]} Bb7 {[%clk 0:25:11]} 21. Qh5
{[%clk 0:37:29]} Ng8 {[%clk 0:22:58]} 22. d4 {[%clk 0:34:02]} Rbd8
{[%clk 0:20:56]} 23. Ba3 {[%clk 0:28:25]} Nh6 {[%clk 0:18:23]} 24. dxc5
{[%clk 0:24:34]} bxc5 {[%clk 0:18:36]} 25. Rxd8 {[%clk 0:20:01]} Rxd8
{[%clk 0:18:46]} 26. Ng4 {[%clk 0:17:53]} Nxg4 {[%clk 0:14:45]} 27. Bxc5+
{[%clk 0:17:47]} Ke8 {[%clk 0:14:44]} 28. Rxe6+ {[%clk 0:17:38]} Kd7
{[%clk 0:15:09]} 29. Rd6+ {[%clk 0:16:47]} Kc8 {[%clk 0:15:13]} 30. Qxg4+
{[%clk 0:16:41]} Kb8 {[%clk 0:15:37]} 31. Rxd8+ {[%clk 0:16:15]} Bxd8
{[%clk 0:14:05]} 32. Qd4 {[%clk 0:15:41]} Be7 {[%clk 0:14:20]} 33. Bxe7
{[%clk 0:14:31]} Qxe7 {[%clk 0:14:46]} 34. Qf4+ {[%clk 0:14:39]} Ka8
{[%clk 0:15:04]} 35. Qe3 {[%clk 0:14:51]} 1-0

[Event "MSR_ch20"]
[Site "?"]
[Date "2024.04.07"]
[Round "4.5"]
[White "Compel, Daniel"]
[Black "Salgovic, Simon"]
[Result "1/2-1/2"]
[BlackElo "2059"]
[WhiteElo "2220"]
[LiveChessVersion "1.4.8"]

1. Nf3 {[%clk 1:30:43]} Nf6 {[%clk 1:23:18]} 2. g3 {[%clk 1:31:11]} c5
{[%clk 1:20:05]} 3. Bg2 {[%clk 1:31:34]} Nc6 {[%clk 1:19:59]} 4. O-O
{[%clk 1:26:55]} d5 {[%clk 1:17:25]} 5. c4 {[%clk 1:27:00]} e6 {[%clk 1:16:30]}
6. cxd5 {[%clk 1:27:23]} Nxd5 {[%clk 1:14:31]} 7. Nc3 {[%clk 1:27:36]} Be7
{[%clk 1:12:56]} 8. d3 {[%clk 1:19:01]} O-O {[%clk 1:11:58]} 9. Bd2
{[%clk 1:19:10]} b6 {[%clk 1:04:26]} 10. a3 {[%clk 1:08:17]} Bb7 {[%clk 1:02:11]}
11. Rc1 {[%clk 1:03:47]} 1/2-1/2

[Event "MSR_ch20"]
[Site "?"]
[Date "2024.04.07"]
[Round "4.6"]
[White "Brnusak, Tomas"]
[Black "Bidulsky, Matej"]
[Result "1/2-1/2"]
[BlackElo "2041"]
[WhiteElo "2192"]
[LiveChessVersion "1.4.8"]

1. c4 {[%clk 1:30:43]} e6 {[%clk 1:30:45]} 2. Nc3 {[%clk 1:29:51]} c5
{[%clk 1:30:26]} 3. Nf3 {[%clk 1:30:09]} Nc6 {[%clk 1:30:45]} 4. g3
{[%clk 1:30:06]} d5 {[%clk 1:30:06]} 5. cxd5 {[%clk 1:29:45]} exd5
{[%clk 1:30:32]} 6. d4 {[%clk 1:30:02]} cxd4 {[%clk 1:30:44]} 7. Nxd4
{[%clk 1:30:17]} Bc5 {[%clk 1:31:05]} 8. Nb3 {[%clk 1:28:20]} Bb4
{[%clk 1:30:15]} 9. Bg2 {[%clk 1:28:16]} Nge7 {[%clk 1:29:26]} 10. O-O
{[%clk 1:27:05]} Be6 {[%clk 1:29:26]} 11. Bf4 {[%clk 1:20:57]} O-O
{[%clk 1:28:16]} 12. Rc1 {[%clk 1:17:01]} Rc8 {[%clk 1:24:26]} 13. a3
{[%clk 1:15:45]} Bd6 {[%clk 1:22:47]} 14. Bxd6 {[%clk 1:03:18]} Qxd6
{[%clk 1:23:06]} 15. e4 {[%clk 0:58:20]} Rfd8 {[%clk 1:22:56]} 16. Nb5
{[%clk 0:54:11]} Qe5 {[%clk 1:21:42]} 17. f4 {[%clk 0:49:23]} Qxb2
{[%clk 1:13:04]} 18. Rf2 {[%clk 0:48:48]} Qxf2+ {[%clk 1:05:53]} 19. Kxf2
{[%clk 0:48:57]} dxe4 {[%clk 1:06:20]} 20. Qe1 {[%clk 0:42:36]} Bxb3
{[%clk 1:06:13]} 21. Bxe4 {[%clk 0:41:29]} a6 {[%clk 1:04:53]} 22. Qe3
{[%clk 0:38:25]} Bd5 {[%clk 1:04:17]} 23. Nc3 {[%clk 0:38:34]} Bxe4
{[%clk 1:04:35]} 24. Nxe4 {[%clk 0:37:20]} Rd4 {[%clk 1:02:58]} 25. Ng5
{[%clk 0:35:06]} Nf5 {[%clk 1:00:08]} 26. Qb3 {[%clk 0:32:34]} Rd2+
{[%clk 1:00:12]} 27. Ke1 {[%clk 0:31:08]} Re2+ {[%clk 1:00:05]} 28. Kf1
{[%clk 0:31:19]} Re7 {[%clk 1:00:29]} 29. Kg2 {[%clk 0:24:43]} Rce8
{[%clk 0:58:16]} 30. Kh3 {[%clk 0:20:58]} Nfd4 {[%clk 0:58:04]} 31. Qb1
{[%clk 0:18:17]} g6 {[%clk 0:57:53]} 32. Rc3 {[%clk 0:17:29]} Rd8
{[%clk 0:53:55]} 33. Ne4 {[%clk 0:15:36]} Kg7 {[%clk 0:52:05]} 34. Rc5
{[%clk 0:12:14]} b6 {[%clk 0:50:47]} 35. Rc4 {[%clk 0:12:06]} Rd5
{[%clk 0:50:52]} 36. Nc3 {[%clk 0:11:08]} Rh5+ {[%clk 0:51:14]} 37. Kg2
{[%clk 0:11:25]} b5 {[%clk 0:51:17]} 38. Rxd4 {[%clk 0:07:32]} Nxd4
{[%clk 0:51:30]} 39. Qb4 {[%clk 0:07:48]} Nc6 {[%clk 0:51:20]} 40. Qb2
{[%clk 0:07:29]} f6 {[%clk 0:51:34]} 41. Qf2 {[%clk 0:06:47]} b4 {[%clk 0:50:17]}
42. axb4 {[%clk 0:05:59]} Nxb4 {[%clk 0:50:05]} 43. g4 {[%clk 0:01:32]} Nd3
{[%clk 0:50:20]} 44. Qd4 {[%clk 0:29:21]} Ne1+ {[%clk 1:19:56]} 45. Kg3
{[%clk 0:28:59]} Rxh2 {[%clk 1:20:22]} 46. Nd5 {[%clk 0:25:06]} Rg2+
{[%clk 1:18:27]} 47. Kh3 {[%clk 0:25:29]} Rh2+ {[%clk 1:11:45]} 1/2-1/2

[Event "MSR_ch20"]
[Site "?"]
[Date "2024.04.07"]
[Round "4.7"]
[White "Straka, Simon"]
[Black "Skreko, Igor"]
[Result "0-1"]
[BlackElo "2165"]
[WhiteElo "2025"]
[LiveChessVersion "1.4.8"]

1. c4 {[%clk 1:30:39]} Nf6 {[%clk 1:30:55]} 2. Nc3 {[%clk 1:30:59]} g6
{[%clk 1:31:22]} 3. d4 {[%clk 1:31:14]} Bg7 {[%clk 1:31:47]} 4. e4
{[%clk 1:30:50]} d6 {[%clk 1:32:14]} 5. f3 {[%clk 1:31:07]} O-O {[%clk 1:31:27]}
6. Be3 {[%clk 1:31:27]} a6 {[%clk 1:29:20]} 7. Qd2 {[%clk 1:30:09]} c6
{[%clk 1:29:40]} 8. Nge2 {[%clk 1:24:25]} b5 {[%clk 1:29:48]} 9. Nc1
{[%clk 1:21:36]} Nbd7 {[%clk 1:29:11]} 10. Be2 {[%clk 1:17:31]} e5
{[%clk 1:22:01]} 11. d5 {[%clk 1:16:37]} cxd5 {[%clk 1:17:53]} 12. Nxd5
{[%clk 1:11:04]} bxc4 {[%clk 1:16:06]} 13. Bxc4 {[%clk 1:10:37]} Bb7
{[%clk 1:15:34]} 14. O-O {[%clk 1:03:59]} Nxd5 {[%clk 1:10:18]} 15. Bxd5
{[%clk 1:04:18]} Bxd5 {[%clk 1:10:42]} 16. Qxd5 {[%clk 1:04:20]} Nf6
{[%clk 1:09:57]} 17. Qb3 {[%clk 0:50:28]} Rb8 {[%clk 1:04:28]} 18. Qa3
{[%clk 0:49:42]} d5 {[%clk 1:03:05]} 19. exd5 {[%clk 0:49:26]} Qxd5
{[%clk 1:02:43]} 20. Nb3 {[%clk 0:47:39]} e4 {[%clk 1:00:10]} 21. Qxa6
{[%clk 0:33:33]} exf3 {[%clk 0:55:55]} 22. Rxf3 {[%clk 0:33:06]} Ng4
{[%clk 0:53:54]} 23. Bf4 {[%clk 0:18:01]} Rbd8 {[%clk 0:40:44]} 24. Qa5
{[%clk 0:12:34]} Bd4+ {[%clk 0:36:50]} 25. Kh1 {[%clk 0:07:40]} Nf2+
{[%clk 0:34:27]} 26. Kg1 {[%clk 0:08:06]} Nd3+ {[%clk 0:34:05]} 27. Kh1
{[%clk 0:05:43]} Qe4 {[%clk 0:32:12]} 28. Nxd4 {[%clk 0:04:51]} Nxf4
{[%clk 0:30:59]} 29. Nb3 {[%clk 0:02:31]} Qe2 {[%clk 0:25:08]} 30. Rg1
{[%clk 0:00:36]} Nxg2 {[%clk 0:25:10]} 31. Rg3 {[%clk 0:00:32]} Nh4
{[%clk 0:24:58]} 32. Qc3 Qe4+ {[%clk 0:25:11]} 0-1

[Event "MSR_ch20"]
[Site "?"]
[Date "2024.04.07"]
[Round "4.8"]
[White "Beres, Tomas"]
[Black "Koska, Jiri"]
[Result "1-0"]
[BlackElo "2024"]
[WhiteElo "2149"]
[LiveChessVersion "1.4.8"]

1. e4 {[%clk 1:30:51]} e6 {[%clk 1:30:54]} 2. d4 {[%clk 1:30:30]} d5
{[%clk 1:31:17]} 3. Nd2 {[%clk 1:30:34]} Nc6 {[%clk 1:31:41]} 4. Ngf3
{[%clk 1:30:42]} Nf6 {[%clk 1:32:05]} 5. e5 {[%clk 1:30:59]} Nd7 {[%clk 1:32:29]}
6. Be2 {[%clk 1:31:17]} f6 {[%clk 1:32:23]} 7. exf6 {[%clk 1:31:36]} Qxf6
{[%clk 1:32:44]} 8. Nf1 {[%clk 1:31:48]} Bd6 {[%clk 1:33:08]} 9. Ne3
{[%clk 1:32:09]} O-O {[%clk 1:32:53]} 10. O-O {[%clk 1:32:24]} Qg6
{[%clk 1:32:15]} 11. c4 {[%clk 1:31:18]} Nf6 {[%clk 1:32:23]} 12. c5
{[%clk 1:28:45]} Be7 {[%clk 1:31:36]} 13. Bb5 {[%clk 1:28:22]} Bd7
{[%clk 1:31:55]} 14. a4 {[%clk 1:28:27]} a6 {[%clk 1:31:38]} 15. Bxc6
{[%clk 1:28:07]} Bxc6 {[%clk 1:32:07]} 16. Ne5 {[%clk 1:28:00]} Qe8
{[%clk 1:32:22]} 17. Qc2 {[%clk 1:09:03]} Ne4 {[%clk 1:20:28]} 18. f3
{[%clk 0:56:14]} Ng5 {[%clk 1:18:51]} 19. N3g4 {[%clk 0:55:39]} Nf7
{[%clk 1:17:46]} 20. Bf4 {[%clk 0:51:19]} Nxe5 {[%clk 1:05:12]} 21. Bxe5
{[%clk 0:51:31]} Rc8 {[%clk 1:04:47]} 22. f4 {[%clk 0:43:36]} Bf6
{[%clk 0:37:10]} 23. Bxf6 {[%clk 0:38:36]} gxf6 {[%clk 0:37:06]} 24. f5
{[%clk 0:30:14]} Qh5 {[%clk 0:35:12]} 25. Qe2 {[%clk 0:30:22]} Kh8
{[%clk 0:28:41]} 26. fxe6 {[%clk 0:30:30]} Rce8 {[%clk 0:27:02]} 27. Rae1
{[%clk 0:30:01]} Qg6 {[%clk 0:26:47]} 28. h3 {[%clk 0:26:09]} Bxa4
{[%clk 0:26:03]} 29. e7 {[%clk 0:25:06]} Rf7 {[%clk 0:23:06]} 30. Rxf6
{[%clk 0:18:05]} Rxf6 {[%clk 0:20:28]} 31. Qe5 {[%clk 0:18:29]} Rxe7
{[%clk 0:19:47]} 32. Qxe7 {[%clk 0:18:45]} Rf5 {[%clk 0:07:24]} 33. Qd8+
{[%clk 0:18:23]} Kg7 {[%clk 0:07:25]} 34. Re7+ {[%clk 0:18:03]} Rf7
{[%clk 0:07:43]} 35. Ne5 {[%clk 0:17:37]} Qb1+ {[%clk 0:07:42]} 36. Kh2
{[%clk 0:18:00]} Rxe7 {[%clk 0:06:14]} 37. Qxe7+ {[%clk 0:18:24]} 1-0

[Event "MSR_ch20"]
[Site "?"]
[Date "2024.04.07"]
[Round "4.9"]
[White "Paluska, Karol"]
[Black "Rakovsky, Jakub"]
[Result "1-0"]
[BlackElo "2069"]
[WhiteElo "2015"]
[LiveChessVersion "1.4.8"]

1. d4 {[%clk 1:30:58]} d5 {[%clk 1:27:04]} 2. c4 {[%clk 1:31:04]} e6
{[%clk 1:27:02]} 3. Nf3 {[%clk 1:31:28]} Nf6 {[%clk 1:26:49]} 4. e3
{[%clk 1:30:16]} Be7 {[%clk 1:26:35]} 5. Bd3 {[%clk 1:30:39]} O-O
{[%clk 1:24:57]} 6. O-O {[%clk 1:31:06]} b6 {[%clk 1:24:09]} 7. Nbd2
{[%clk 1:28:13]} Bb7 {[%clk 1:22:35]} 8. Qc2 {[%clk 1:28:37]} Nbd7
{[%clk 1:16:29]} 9. e4 {[%clk 1:27:39]} dxe4 {[%clk 1:16:06]} 10. Nxe4
{[%clk 1:28:07]} Nxe4 {[%clk 1:14:54]} 11. Bxe4 {[%clk 1:28:35]} Bxe4
{[%clk 1:15:07]} 12. Qxe4 {[%clk 1:29:04]} c5 {[%clk 1:11:14]} 13. Rd1
{[%clk 1:26:42]} Nf6 {[%clk 1:07:06]} 14. Qe2 {[%clk 1:26:58]} Qc7
{[%clk 1:06:10]} 15. b3 {[%clk 1:21:42]} Rfd8 {[%clk 1:00:27]} 16. Bb2
{[%clk 1:21:18]} a5 {[%clk 0:57:01]} 17. Rd2 {[%clk 0:54:06]} Qb7
{[%clk 0:49:44]} 18. Re1 {[%clk 0:54:07]} Re8 {[%clk 0:36:33]} 19. d5
{[%clk 0:47:33]} Bd8 {[%clk 0:26:38]} 20. Qd1 {[%clk 0:37:57]} exd5
{[%clk 0:23:21]} 21. Rxe8+ {[%clk 0:37:06]} Nxe8 {[%clk 0:23:05]} 22. Rxd5
{[%clk 0:37:31]} Qc8 {[%clk 0:15:43]} 23. Rd7 {[%clk 0:34:36]} Nf6
{[%clk 0:13:41]} 24. Bxf6 {[%clk 0:31:32]} Bxf6 {[%clk 0:14:04]} 25. Qd5
{[%clk 0:31:02]} Qe8 {[%clk 0:12:35]} 26. Rxf7 {[%clk 0:29:39]} Kh8
{[%clk 0:13:00]} 27. Rd7 {[%clk 0:28:37]} a4 {[%clk 0:13:14]} 28. g3
{[%clk 0:25:19]} axb3 {[%clk 0:13:19]} 29. axb3 {[%clk 0:25:47]} Ra2
{[%clk 0:06:22]} 30. Ne5 {[%clk 0:18:43]} Ra1+ {[%clk 0:04:52]} 31. Kg2
{[%clk 0:19:05]} Qa8 {[%clk 0:05:13]} 32. Ng4 {[%clk 0:16:53]} Qxd5+
{[%clk 0:03:55]} 33. Rxd5 {[%clk 0:16:54]} Rb1 {[%clk 0:03:56]} 34. Nxf6
{[%clk 0:15:19]} gxf6 {[%clk 0:04:20]} 35. Rd3 {[%clk 0:12:38]} Rb2
{[%clk 0:04:33]} 36. Kf3 {[%clk 0:12:19]} Kg7 {[%clk 0:04:34]} 37. h3
{[%clk 0:12:34]} h5 {[%clk 0:03:40]} 38. Ke3 {[%clk 0:09:42]} Kg6
{[%clk 0:02:02]} 39. f3 {[%clk 0:07:32]} Kg5 {[%clk 0:00:59]} 40. f4+
{[%clk 0:05:40]} Kg6 {[%clk 0:00:42]} 41. Ke4 {[%clk 0:02:22]} Re2+
{[%clk 0:16:42]} 42. Kd5 {[%clk 0:20:34]} Kf5 {[%clk 0:16:06]} 43. Kc6
{[%clk 0:21:01]} Re6+ {[%clk 0:14:32]} 44. Rd6 {[%clk 0:17:35]} Re3
{[%clk 0:14:05]} 45. Rd5+ {[%clk 0:15:33]} Kg6 {[%clk 0:12:46]} 46. Kxb6
{[%clk 0:15:58]} Rxb3+ {[%clk 0:11:27]} 47. Kxc5 {[%clk 0:16:27]} Rxg3 48. h4
{[%clk 0:16:40]} Rh3 {[%clk 0:05:11]} 49. f5+ {[%clk 0:14:23]} Kh6
{[%clk 0:05:36]} 50. Rd4 {[%clk 0:14:21]} Rf3 {[%clk 0:05:51]} 51. Kd6
{[%clk 0:14:09]} Rxf5 {[%clk 0:05:51]} 52. c5 {[%clk 0:14:30]} Kg6
{[%clk 0:05:46]} 53. c6 {[%clk 0:14:49]} Rf1 {[%clk 0:05:34]} 54. c7
{[%clk 0:14:11]} Rc1 {[%clk 0:05:57]} 55. Kd7 {[%clk 0:14:04]} Kf5
{[%clk 0:05:03]} 56. c8=Q {[%clk 0:12:45]} Rxc8 {[%clk 0:05:26]} 57. Kxc8
{[%clk 0:13:10]} Ke5 {[%clk 0:05:52]} 58. Rd8 {[%clk 0:11:14]} Kf4
{[%clk 0:04:37]} 59. Rg8 {[%clk 0:10:59]} f5 {[%clk 0:04:43]} 60. Rg5
{[%clk 0:10:52]} 1-0

[Event "MSR_ch20"]
[Site "?"]
[Date "2024.04.07"]
[Round "4.10"]
[White "Bulej, Matej"]
[Black "Melih, Mario"]
[Result "1/2-1/2"]
[BlackElo "1990"]
[WhiteElo "2067"]
[LiveChessVersion "1.4.8"]

1. d4 {[%clk 1:30:59]} Nf6 {[%clk 1:30:46]} 2. Nf3 {[%clk 1:31:24]} d5
{[%clk 1:31:03]} 3. c4 {[%clk 1:31:51]} e6 {[%clk 1:31:12]} 4. Nc3
{[%clk 1:32:16]} Be7 {[%clk 1:31:07]} 5. Bg5 {[%clk 1:32:36]} O-O
{[%clk 1:30:51]} 6. e3 {[%clk 1:32:59]} c6 {[%clk 1:31:06]} 7. Rc1
{[%clk 1:32:10]} Nbd7 {[%clk 1:31:20]} 8. a3 {[%clk 1:32:31]} h6 {[%clk 1:31:31]}
9. Bh4 {[%clk 1:32:42]} b6 {[%clk 1:30:57]} 10. Bd3 {[%clk 1:31:25]} Bb7
{[%clk 1:30:08]} 11. O-O {[%clk 1:31:07]} Rc8 {[%clk 1:26:51]} 12. cxd5
{[%clk 1:25:22]} cxd5 {[%clk 1:27:09]} 13. Qe2 {[%clk 1:24:17]} Ne4
{[%clk 1:17:56]} 14. Bxe7 {[%clk 1:23:03]} Nxc3 {[%clk 1:18:16]} 15. Rxc3
{[%clk 1:22:21]} Qxe7 {[%clk 1:18:40]} 16. Rfc1 {[%clk 1:21:32]} Qd6
{[%clk 1:11:57]} 17. Ba6 {[%clk 1:16:29]} Qb8 {[%clk 1:03:56]} 18. Bxb7
{[%clk 1:14:54]} Qxb7 {[%clk 1:04:12]} 19. Qc2 {[%clk 1:14:36]} Rxc3
{[%clk 1:03:37]} 20. Qxc3 {[%clk 1:14:54]} Rb8 {[%clk 1:02:44]} 21. Qc7
{[%clk 1:12:16]} Nf6 {[%clk 1:00:30]} 22. Ne5 {[%clk 1:11:51]} Ne8
{[%clk 0:59:49]} 23. Qxb7 {[%clk 0:58:35]} Rxb7 {[%clk 1:00:09]} 24. Kf1
{[%clk 0:56:31]} Rc7 {[%clk 0:59:28]} 25. Rxc7 {[%clk 0:55:37]} Nxc7
{[%clk 0:59:53]} 26. Ke2 {[%clk 0:55:13]} f6 {[%clk 0:57:50]} 27. Nf3
{[%clk 0:52:06]} 1/2-1/2

[Event "MSR_ch20"]
[Site "?"]
[Date "2024.04.07"]
[Round "4.11"]
[White "Lovcican, Tomas"]
[Black "Kulich, Daniel"]
[Result "1-0"]
[BlackElo "1941"]
[WhiteElo "2057"]
[LiveChessVersion "1.4.8"]

1. d4 {[%clk 1:30:56]} e6 {[%clk 1:30:30]} 2. c4 {[%clk 1:30:29]} f5
{[%clk 1:30:51]} 3. g3 {[%clk 1:29:17]} Nf6 {[%clk 1:31:14]} 4. Bg2
{[%clk 1:29:38]} d5 {[%clk 1:31:33]} 5. Nf3 {[%clk 1:28:41]} c6 {[%clk 1:31:56]}
6. Bf4 {[%clk 1:24:44]} Bd6 {[%clk 1:31:36]} 7. Bxd6 {[%clk 1:24:11]} Qxd6
{[%clk 1:31:58]} 8. c5 {[%clk 1:23:27]} Qe7 {[%clk 1:32:03]} 9. Ne5
{[%clk 1:18:19]} Nbd7 {[%clk 1:29:31]} 10. f4 {[%clk 1:17:54]} O-O
{[%clk 1:29:18]} 11. O-O {[%clk 1:16:10]} Nxe5 {[%clk 1:29:37]} 12. fxe5
{[%clk 1:16:29]} Ne4 {[%clk 1:30:02]} 13. Qa4 {[%clk 1:06:20]} Bd7
{[%clk 1:26:58]} 14. Bxe4 {[%clk 0:54:57]} fxe4 {[%clk 1:27:05]} 15. Na3
{[%clk 0:50:59]} Rxf1+ {[%clk 1:17:32]} 16. Rxf1 {[%clk 0:48:13]} a6
{[%clk 1:17:17]} 17. Qb3 {[%clk 0:44:47]} Be8 {[%clk 1:16:45]} 18. Qe3
{[%clk 0:43:01]} Bg6 {[%clk 1:04:11]} 19. Qf4 {[%clk 0:37:14]} Rf8
{[%clk 0:51:19]} 20. Qxf8+ {[%clk 0:37:39]} Qxf8 {[%clk 0:51:40]} 21. Rxf8+
{[%clk 0:38:06]} Kxf8 {[%clk 0:51:58]} 22. Nb1 {[%clk 0:38:16]} Ke7
{[%clk 0:51:17]} 23. Nc3 {[%clk 0:38:30]} Kd7 {[%clk 0:49:57]} 24. Na4
{[%clk 0:36:46]} Bf5 {[%clk 0:43:21]} 25. Kf2 {[%clk 0:31:17]} Bg4
{[%clk 0:40:26]} 26. h4 {[%clk 0:29:26]} Bh5 {[%clk 0:40:14]} 27. Ke3
{[%clk 0:29:33]} Kc7 {[%clk 0:40:12]} 28. b4 {[%clk 0:27:40]} Kd7
{[%clk 0:39:23]} 29. Nc3 {[%clk 0:26:38]} Ke7 {[%clk 0:39:01]} 30. Kf4
{[%clk 0:26:36]} Bf7 {[%clk 0:39:00]} 31. Kg4 {[%clk 0:22:02]} h6
{[%clk 0:37:27]} 32. h5 {[%clk 0:22:11]} Be8 {[%clk 0:37:14]} 33. Kh4
{[%clk 0:22:12]} Bf7 {[%clk 0:17:30]} 34. g4 {[%clk 0:22:35]} Be8
{[%clk 0:16:45]} 35. g5 {[%clk 0:22:55]} Bf7 {[%clk 0:16:11]} 36. Nd1
{[%clk 0:23:18]} Kf8 {[%clk 0:14:53]} 37. Ne3 {[%clk 0:23:18]} Kg8
{[%clk 0:15:04]} 38. Ng4 {[%clk 0:23:22]} hxg5+ {[%clk 0:15:03]} 39. Kxg5
{[%clk 0:23:46]} Kh7 {[%clk 0:11:34]} 40. h6 {[%clk 0:21:00]} gxh6+
{[%clk 0:06:23]} 41. Nxh6 {[%clk 0:21:24]} 1-0